| 000 | 01615nam a22004817a 4500 | ||
|---|---|---|---|
| 001 | 8 | ||
| 003 | FISKH | ||
| 005 | 20230221103503.0 | ||
| 008 | 230221b cb ||||| |||| 00| 0 eng d | ||
| 020 | _a0763607711 (slipcase) | ||
| 020 | _a9780763607715 (slipcase) | ||
| 020 | _a0763611840 (Pop pop pop pop pop) | ||
| 020 | _a9780763611842 (Pop pop pop pop pop) | ||
| 020 | _a0763611859 (Monkey flies away) | ||
| 020 | _a9780763611859 (Monkey flies away) | ||
| 020 | _a0763611867 (Monkey eats worms) | ||
| 020 | _a9780763611866 (Monkey eats worms) | ||
| 020 | _a0763611875 (Monkey, watch out!) | ||
| 020 | _a9780763611873 (Monkey, watch out!) | ||
| 040 |
_aBIB _cBIB _dMUS _dBAKER _dBTCTA _dOCLCG _dBDX _dYDXCP _dOCLCO _dFISKH |
||
| 050 | 4 | _aPZ5 2000 | |
| 082 | 4 | _a372.4 | |
| 100 | 1 |
_aMartin, David, _d1944- |
|
| 245 | 1 | 0 |
_aMonkey eats worms _cDavid Martin ; illustrated by Scott Nash. |
| 250 | _a1st ed. | ||
| 260 |
_aCambridge Mass. : _bCandlewick Press, _c2000. |
||
| 300 |
_a8 p. _bill. _c14 cm. |
||
| 490 | 1 | _aBrand new readers | |
| 500 | _aIn slipcase. | ||
| 505 | 0 | _aPop pop pop pop pop -- Monkey flies away -- Monkey eats worms -- Monkey, watch out. | |
| 520 | _aMonkey's troubles include popping balloons, high-flying kites, and puddles. | ||
| 521 |
_a360 _bLexile |
||
| 521 |
_a F _bRaz-Paz |
||
| 650 | 1 |
_aMonkeys _vFiction. |
|
| 650 | 0 | _aReaders (Primary) | |
| 700 | 1 |
_aNash, Scott, _d1959- _eill. |
|
| 740 | 0 | 2 | _aPop pop pop pop pop. |
| 740 | 0 | 2 | _aMonkey flies away. |
| 740 | 0 | 2 | _aMonkey eats worms. |
| 740 | 0 | 2 | _aMonkey, watch out. |
| 830 | 0 | _aBrand new readers. | |
| 942 |
_2ddc _cBK |
||
| 999 |
_c8 _d8 |
||